Nennen Sie die 10 besten Fußballer der Welt 2024 - Sudden Death - Statistiken

Allgemein
  • Dieses Quiz wurde 339 mal gespielt
  • Das Durchschnittsergebnis liegt bei 6 aus 10
Answers on the Grid
Answers color-coded by a green-red scale on the quiz's grid according to % correct below.
Robert Lewandowski Barcelona
Jude Bellingham Real Madrid
Emiliano Martínez Aston Villa
Harry Kane Bayern Munchen
Dani Carvajal Real Madrid
Florian Wirtz Bayer Leverkusen
Raphinha Barcelona
Lamine Yamal Barcelona
Vinícius Júnior Real Madrid
Lautaro Martínez Inter
Ademola Lookman Atalanta
Kylian Mbappé Real Madrid
Antonio Rüdiger Real Madrid
Rodri Manchester City
Erling Haaland Manchester City
 
Antwortstatistiken
Antwort % Korrekt
Jude Bellingham Real Madrid
81%
Kylian Mbappé Real Madrid
70%
Erling Haaland Manchester City
65%
Rodri Manchester City
63%
Lamine Yamal Barcelona
61%
Vinícius Júnior Real Madrid
61%
Harry Kane Bayern Munchen
59%
Florian Wirtz Bayer Leverkusen
47%
Dani Carvajal Real Madrid
44%
Lautaro Martínez Inter
34%
Keine übereinstimmenden Quizze gefunden
Verteilung der Resultate
Anzahl Personen mit jedem Resultat
Perzentil nach korrekt beantworteten Fragen
Ihre Resultats-Entwicklung
Sie haben dieses Quiz noch nicht gespielt